000 00566nam a2200193Ia 4500
003 GCL
008 140319s9999 xx 000 0 ara d
040 _aGCL /
_cGCL
082 0 4 _a840
_bم ا
100 1 _aنظير عبود
245 1 0 _aاعمال موليير الكاملة /
_cنظير عبود
700 1 _aانطوان رزق الله مشاطى
260 _aبيروت :
_bدار نظير عبود ،
_c1992
300 _aمتعدد
490 _a
650 0 4 _aالادب الفرنسى
650 0 4 _aمسرحيات فرنسية
942 _2ddc
_cBK
999 _c55644
_d55644